Famous People with Scandinavian Names - Statistics

General Stats
  • This quiz has been taken 37 times
  • The average score is 8 of 15
Answer Stats
Hint Answer % Correct
Father of the above, also an explorer {Erik} the Red
88%
Explorer who may have been the first European in North America {Leif} Erikson
85%
Swedish tennis player with 11 Grand Slam singles titles {Björn} Borg
82%
Iconic leading lady who starred in "Casablanca" {Ingrid} Bergman
76%
Played Aragorn in "The Lord of the Rings" trilogy {Viggo} Mortensen
71%
Co-star of the above, who played Arwen {Liv} Tyler
62%
Drummer and co-founder of Metallica {Lars} Ulrich
59%
Singer and drummer who died in 1983 due to anorexia {Karen} Carpenter
53%
Swedish author of "Pippi Longstocking" {Astrid} Lindgren
47%
Danish physicist, winner of the 1922 Nobel Prize for Physics {Niels} Bohr
47%
Bond Girl Mary Goodnight in "The Man With the Golden Gun" {Britt} Ekland
41%
Swedish actor and father of Alexander, also an actor {Stellan} Skarsgård
41%
Broadway actor who was the first to play Glinda in "Wicked" {Kristin} Chenoweth
29%
Philosopher considered the "father of existentialism" {Søren} Kierkegaard
29%
Golfer who is regarded as one of the best women ever to play {Annika} Sörenstam
24%
No matching quizzes found
Score Distribution
Percent of People with Each Score
Percentile by Number Answered
Your Score History
You have not taken this quiz